000 00522nmm a2200169Ia 4500
008 251105s9999||||xx |||||||||||||||||und||
020 _a9788415260943
041 _aspa
100 _aSantiago, Jose
245 0 _aSiete lecciones de sociología de la religión y del nacionalismo
264 _a[Madrid, España] :
_bAnthropos,
_c2015
300 _a304 páginas
490 _aAutores, textos y temas. Ciencias sociales
650 _aSociology
856 _uhttps://public.digitaliapublishing.com/a/41731
942 _cCF
999 _c76657
_d76657